زیر غور / (Record no. 108750)

MARC details
000 -LEADER
fixed length control field 00745nam a22002537a 4500
005 - DATE AND TIME OF LATEST TRANSACTION
control field 20170123162344.0
010 ## - LIBRARY OF CONGRESS CONTROL NUMBER
LC control number A-419348
020 ## - INTERNATIONAL STANDARD BOOK NUMBER
Terms of availability 45.00
035 ## - SYSTEM CONTROL NUMBER
System control number A-419348
037 ## - SOURCE OF ACQUISITION
Source of stock number/acquisition Cen Lib/Ret
040 ## - CATALOGING SOURCE
Original cataloging agency DPL
Language of cataloging UR
082 ## - DEWEY DECIMAL CLASSIFICATION NUMBER
Classification number 847
Item number ی و س
100 ## - MAIN ENTRY--PERSONAL NAME
Personal name یوسف نظم
9 (RLIN) 661
245 ## - TITLE STATEMENT
Title زیر غور /
Statement of responsibility, etc یوسف نظم
246 ## - VARYING FORM OF TITLE
Title proper/short title Zair-e-ghor /
Remainder of title by Yusuf Nazim
260 ## - PUBLICATION, DISTRIBUTION, ETC. (IMPRINT)
Place of publication, distribution, etc کراچی
Name of publisher, distributor, etc مکتبہ ہم زبان
Date of publication, distribution, etc 1989
270 ## - ADDRESS
City کراچی
Address پوسٹ باکس
300 ## - PHYSICAL DESCRIPTION
Extent 160p.
Dimensions 20cm(Hb)
650 ## - SUBJECT ADDED ENTRY--TOPICAL TERM
Topical term or geographic name as entry element ادب -- اردو
9 (RLIN) 129838
650 ## - SUBJECT ADDED ENTRY--TOPICAL TERM
Topical term or geographic name as entry element اردو مضامین
9 (RLIN) 129839
650 ## - SUBJECT ADDED ENTRY--TOPICAL TERM
Topical term or geographic name as entry element Literature -- Urdu
9 (RLIN) 129840
650 ## - SUBJECT ADDED ENTRY--TOPICAL TERM
Topical term or geographic name as entry element Urdu essays
9 (RLIN) 528
942 ## - ADDED ENTRY ELEMENTS (KOHA)
Source of classification or shelving scheme Dewey Decimal Classification
Koha item type Urdu Bks
Classification part 847
Call number suffix ی و س
Holdings
Withdrawn status Lost status Damaged status Not for loan Home library Current library Date acquired Source of acquisition Cost, normal purchase price Total Checkouts Full call number Barcode Date last seen Copy number Cost, replacement price Price effective from Koha item type
        Central Library Central Library 03/02/2016 Cen Lib/Ret 45.00   847 ی و س A-419348 03/02/2016 1 45.00 03/02/2016 Urdu Bks

© Delhi Public Library
Hit Counter
free hit counter